000 00570nam a2200217Ia 4500
005 20241129110952.0
008 241129s9999||||xx |||||||||||||| ||und||
020 _a978-1-137-61167-3
037 _aTB
040 _aCRL
_beng
_cCRL
041 _aeng
_2eng
084 _aW Q8
_qCRL
100 _aHeywood Andrew Au.
245 0 _aEssentials of political ideas
_cHeywood Andrew Au.
260 _aLondon, UK
_bPalgrave
_c2018
300 _axix,215p.
365 _aEURO
_b30.99
650 _aPolitical Science
942 _cTB
_hW Q8
999 _c1228326
_d1228326